000
00243nam a22000977a 4500
003
SGT
245
_a
Community Dental Health
260
_b
British Association for the Study of Community Dentistry (BASCD)
_c
2021
300
_a
283
942
_2
ddc
_c
BV
999
_c
30305
_d
30305